Sitios de parada en la migración invernal (Registro nro. 15759)

Detalles MARC
000 -CABECERA
Campo de control 003240000a22001210004500
090 ## - CLASIFICACIÓN LOCAL
Colección As
Consecutivo Seriadas
041 0# - IDIOMA
Código de idioma para texto/pista de sonido o título separado
100 1# - ASIENTO PRINCIPAL--NOMBRE PERSONAL
Nombre personal Morales, Germán
245 10 - MENCION DE TITULO
Título Sitios de parada en la migración invernal
700 1# - ASIENTO SECUNDARIO - NOMBRE PERSONAL
Nombre personal Reyes , Milton
773 1# - Item fuente:
Título Boletín SAO
Descripción física 18-19
Paginas del Articulo 65-68
Lugar, editorial y fecha de publicación 1999
Información sobre la relación 10
942 ## - ELEMENTOS ADICIONALES (KOHA)
Tipo de ítem Artículo

No hay ítems disponibles.